000 00555nam a2200133Ia 4500
008 171212s9999 xx 000 0 und d
020 _a9781442637214
100 _aCapito, Wolfgang
245 _cCapito, Wolfgang
_aThe Correspondence of Wolfgang Capito
_bVolume 3, 1532-1536
260 _bUniversity of Toronto Press
_c2015
650 _aCapito, Wolfgang, 1478–1541 -- Correspondence; Reformation; Scholars -- Europe -- Correspondence; Humanists -- Europe -- Correspondence
650 _aHistory
856 _uhttp://jstor.org/stable/10.3138/j.ctt18dzs40
999 _c353021
_d353021